College Logos #1 - Statistics

General Stats
  • This quiz has been taken 96 times
  • The average score is 15 of 16
Answer Stats
Picture Answer % Correct
Georgia
99%
Michigan
97%
Notre Dame
96%
Virginia Tech
96%
West Virginia
96%
Miami
95%
Stanford
95%
Purdue
94%
Texas Tech
94%
Washington
94%
Wisconsin
94%
Georgia Tech
92%
Rutgers
92%
Syracuse
92%
BYU
90%
Villanova
86%
No matching quizzes found
Score Distribution
Percent of People with Each Score
Percentile by Number Answered
Your Score History
You have not taken this quiz